MARC

LEADER 00000nam0a2200000 4500
001 252299
005 20231101232733.0
010 |a 5020118753 
035 |a (RuTPU)RU\TPU\book\274630 
090 |a 252299 
100 |a 20140228d1989 k y0rusy50 ca 
101 0 |a rus 
102 |a RU 
105 |a y z 001zy 
200 1 |a Информационные аспекты компьютеризации  |f О. Н. Чирченко  |g Академия наук СССР (АН СССР), Центральный экономико-математический институт (ЦЭМИ) ; отв. ред. В. М. Жеребин 
210 |a Москва  |c Наука  |d 1989 
215 |a 128 с. 
320 |a Библиогр.: с. 121-126. 
606 1 |a Информатизация общества  |x Теория  |2 stltpush  |3 (RuTPU)RU\TPU\subj\39273  |9 59424 
610 1 |a информатизация 
610 1 |a компьютеризация 
610 1 |a информационная деятельность 
610 1 |a анализ 
610 1 |a социально-экономическая информация 
610 1 |a количественная оценка 
610 1 |a гуманитарные проблемы 
675 |a 681.3.01  |v 3 
700 1 |a Чирченко  |b О. Н.  |g Ольга Николаевна 
702 1 |a Жеребин  |b В. М.  |4 340 
712 0 2 |a Академия наук СССР (АН СССР)  |b Центральный экономико-математический институт (ЦЭМИ)  |c (Москва)  |2 stltpush  |3 (RuTPU)RU\TPU\col\11797 
801 1 |a RU  |b 63413507  |c 20140228 
801 2 |a RU  |b 63413507  |c 20140318  |g RCR 
942 |c BK